Travaux de la Commission de Réforme du Code Civil

Uloženo v:
Podrobná bibliografie
Médium: Kniha
Jazyk:francouzština
Vydáno: París Sirey 1953
Témata:
Tagy: Přidat tag
Žádné tagy, Buďte první, kdo vytvoří štítek k tomuto záznamu!

MARC

LEADER 00000nam a2200000 a 4500
001 UCS1733
003 CL-VaPUC
008 970515e19530000FR |||||||||||||||||fre|d
082 0 4 |a 346.44  |b TRA  |2 21 
245 1 0 |a Travaux de la Commission de Réforme du Code Civil 
300 |a 256 p 
942 |c BK 
945 |d 19970515 00:00:00  |a paguirre 
260 |a París  |b Sirey  |c 1953 
500 |a Année 1952 - 1953 
650 0 |a Derecho civil  |9 255013 
650 0 |a Derecho de familia  |9 255603 
650 0 |a Adopción  |9 255783 
650 0 |a Filiación  |9 256647 
651 0 |a Francia  |9 255157 
583 |a last modification  |c 19970515 00:00:00  |k Rodrigo Vera 
999 |c 259765  |d 259763 
952 |0 0  |1 0  |4 0  |6 346_440000000000000_TRA_1953  |7 0  |8 A  |9 285080  |a BIBDER  |b BIBDER  |d 2019-11-19  |i 1850377  |o 346.44 TRA 1953  |p 1850377  |r 2023-01-25  |w 2019-11-19  |y BK  |k DER